[Event "Bergen Sommer op"]
[Site "Bergen"]
[Date "2002.07.27"]
[Round "8"]
[White "Carlsen, Magnus"]
[Black "Manne, Per Erik"]
[Result "1-0"]
[WhiteElo "2214"]
[BlackElo "2338"]
[PlyCount "47"]
[EventDate "2002.07.20"]
[EventType "swiss"]
[EventRounds "9"]
[EventCountry "NOR"]
[SourceTitle "CBM 089 Extra"]
[Source "ChessBase"]
[SourceDate "2002.09.10"]
[SourceVersion "2"]
[SourceVersionDate "2002.09.10"]
[SourceQuality "1"]

1. Nf3 Nf6 2. g3 d5 3. Bg2 e6 4. O-O Be7 5. c4 O-O 6. d4 c6 7. Qc2 Nbd7 8. b3 b6 9. Bb2 Bb7 10. Nbd2 Rc8 11. e4 c5 12. exd5 exd5 13. Qf5 dxc4 ({RR} 13... g6 14. Qh3 Re8 15. Rfe1 cxd4 16. Nxd4 Bb4 17. Rxe8+ Qxe8 18. Nf1 Ba8 19. Ne3 dxc4 20. Bxa8 c3 21. Bc6 cxb2 22. Rb1 Rxc6 23. Nxc6 Qe4 24. Rxb2 Qxc6 25. Rc2 Qd6 26. Qg2 Bc5 27. Rc3 Qd2 28. Rc2 {Huzman,A (2581)-Zubov,A (2601) Minsk 2015 0-1 (32)}) 14. Nxc4 Be4 ({RR} 14... b5 15. Nce5 Be4 16. Qh3 c4 17. bxc4 bxc4 18. Rac1 Nb6 19. Nd2 Bd5 20. g4 Bb4 21. Bc3 Bxg2 22. Qxg2 Bxc3 23. Rxc3 Qxd4 24. g5 Nfd5 {0-1 (24) Garcia de Dios,J (2142)-Cori,J (2650) Juan Dolio DOM 2023}) 15. Qh3 Re8 $146 ({RR} 15... Bd3 16. Rfd1 Bxc4 17. bxc4 cxd4 18. Nxd4 Qc7 19. Nb5 Qxc4 20. Nxa7 Rce8 21. Bc6 Bc5 22. Bxf6 Nxf6 23. Bxe8 Bxf2+ 24. Kxf2 Ne4+ 25. Kg1 Qc5+ 26. Kg2 Qc2+ 27. Kg1 Qc5+ 28. Kg2 Qc2+ {½-½ (28) Donchenko,A (2373)-Knaak,J (2157) Bad Sooden-Allendorf 2014}) ({RR} 15... b5 16. Ne3 c4 17. Rfc1 Nb6 18. Ne5 Bb4 19. bxc4 Bd2 20. Rd1 Bxe3 21. fxe3 Nxc4 22. Nxc4 bxc4 23. Rac1 Qd5 24. Bc3 Rfe8 25. Re1 h6 26. Bxe4 Nxe4 27. Qg2 Rc6 28. Rf1 Rce6 29. Rfe1 h5 30. Re2 {Meins,G (2465)-Mueller,M (2375) Germany 1996 0-1 (41)}) 16. Rad1 Qc7 17. dxc5 Bxc5 18. Nd4 Bxg2 19. Qxg2 Bxd4 20. Bxd4 Re2 21. a4 Qc6 22. Qxc6 Rxc6 23. Ne3 a6 24. Bxf6 1-0